| 000 | 00874cam a2200253 a 4500 | ||
|---|---|---|---|
| 001 | 000005481 | ||
| 005 | 20200929151705.0 | ||
| 008 | 991020s1999 sp a b 001 p spa | ||
| 020 | _a8437617502 | ||
| 040 |
_aDO-SdBNP _cDLC _dDLC |
||
| 082 |
_a861.6 _bC415u |
||
| 100 | 1 |
_aCernuda, Luis, _d1902-1963 _915553 |
|
| 245 | 1 | 0 |
_aUn río, un amor : _bLos placeres prohibidos / _cLuis Cernuda ; edición de Derek Harris. |
| 260 |
_aMadrid : _bCátedra, _c1999. |
||
| 300 |
_a173 p. : _bil. ; _c18 cm. |
||
| 490 | 1 |
_aLetras hispánicas _v473 |
|
| 504 | _aIncluye referencias bibliográficas (p. 43-45). | ||
| 650 | 4 |
_aPoesía española _9631 |
|
| 650 | 4 |
_aLiteratura española _9632 |
|
| 600 | 1 | 0 |
_aCERNUDA, LUIS _xCRÍTICA E INTERPRETACIÓN _911943 |
| 700 | 1 |
_aHarris, Derek, _eed. _915554 |
|
| 830 | 0 |
_aLetras hispánicas ; _v473 _94208 |
|
| 910 |
_aCatalogación por copia / LC _bWM |
||
| 999 |
_c5280 _d5280 |
||